Basic concepts of microeconomics: with special reference to Kenya (Record no. 38479)

MARC details
000 -LEADER
fixed length control field 01596 2200241 4500
008 - FIXED-LENGTH DATA ELEMENTS--GENERAL INFORMATION
fixed length control field 110607t xxu||||| |||| 00| 0 eng d
020 ## - INTERNATIONAL STANDARD BOOK NUMBER
International Standard Book Number 9966846028
100 ## - MAIN ENTRY--PERSONAL NAME
Personal name Ackello-Ogutu, C.
245 ## - TITLE STATEMENT
Title Basic concepts of microeconomics: with special reference to Kenya
Statement of responsibility, etc C.Ackello-Ogutu and John J.Waelti
260 ## - PUBLICATION, DISTRIBUTION, ETC. (IMPRINT)
Name of publisher, distributor, etc University of Nairobi Press
Date of publication, distribution, etc 1990
Place of publication, distribution, etc Nairobi
300 ## - PHYSICAL DESCRIPTION
Extent viii,203 p.
Dimensions 21 cm.
650 ## - SUBJECT ADDED ENTRY--TOPICAL TERM
Location of event Kenya
650 ## - SUBJECT ADDED ENTRY--TOPICAL TERM
Topical term or geographic name as entry element Microeconomics
650 ## - SUBJECT ADDED ENTRY--TOPICAL TERM
Topical term or geographic name as entry element Economic conditions
700 ## - ADDED ENTRY--PERSONAL NAME
Personal name John J.Waelti
942 ## - ADDED ENTRY ELEMENTS (KOHA)
Item type Book
Source of classification or shelving scheme Library of Congress Classification
Holdings
Withdrawn status Lost status Source of classification or shelving scheme Damaged status Not for loan Collection code Home library Current library Shelving location Date acquired Source of acquisition Total Checkouts Total Renewals Full call number Barcode Date last seen Date last borrowed Copy number Price effective from Koha item type Checked out
    Library of Congress Classification     Non-fiction Bishop Okullu Memorial Library (Limuru Campus) Bishop Okullu Memorial Library (Limuru Campus) General Circulation 21/06/2011 purchase 74 4 HB172.3 .O48 1990 026621 11/11/2024 29/10/2024 1 21/06/2011 Book  
    Library of Congress Classification     Non-fiction Nairobi Campus Bishop Okullu Memorial Library (Limuru Campus) General Circulation 29/06/2011 purchase 4   HB 172.3 .O48 1990 026723 01/03/2012 01/03/2012 5 29/06/2011 Book 15/03/2012
  Lost Library of Congress Classification     Non-fiction Nairobi Campus Nairobi Campus General Circulation 29/06/2011 purchase 73 6 HB 172.3 .O48 1990 026724 20/04/2017 13/04/2017 6 29/06/2011 Book  
    Library of Congress Classification     Non-fiction Nakuru Campus Nakuru Campus General Circulation 08/06/2011 purchase 44 5 HB172.3 .O48 1990 026144 13/04/2019 12/04/2019 4 08/06/2011 Book